Ferdinand de Saussure: fuentes manuscritas y estudios críticos
Gespeichert in:
| Hauptverfasser: | , , , , , , , |
|---|---|
| Format: | Buch |
| Sprache: | Spanisch |
| Veröffentlicht: |
Ciudad de México
Siglo Veintiuno
1977
|
| Ausgabe: | 2a. ed |
| Schriftenreihe: | Lingüística
|
| Schlagworte: | |
| Tags: |
Tag hinzufügen
Keine Tags, Fügen Sie den ersten Tag hinzu!
|
MARC
| LEADER | 00000nam a2200000 a 4500 | ||
|---|---|---|---|
| 001 | UCQ2374 | ||
| 003 | CL-VaPUC | ||
| 008 | 980724e19770000MX |||||||||||||||||spa|d | ||
| 082 | 0 | 4 | |a 410 |b NET |2 21 |
| 100 | |a Nethol, Ana María |e autora |9 416252 | ||
| 700 | 0 | |a Benveniste, Emile |e author |9 416247 | |
| 700 | 0 | |a Godel, Robert |e author |9 416248 | |
| 700 | |a Greimas, Algirdas Julien |e author |9 568673 | ||
| 700 | |a Hjelmslev, Louis |e author |9 519929 | ||
| 700 | 0 | |a Saussure, Ferdinand de |e author |9 350677 | |
| 700 | |a Starobinski, Jean |e author |9 324798 | ||
| 700 | 0 | |a Wells, Rulon S |e author |9 416251 | |
| 245 | 1 | 0 | |a Ferdinand de Saussure: fuentes manuscritas y estudios críticos |
| 250 | |a 2a. ed | ||
| 300 | |a 253 p | ||
| 942 | |c BK | ||
| 945 | |d 19980724 00:00:00 |a crobeson | ||
| 260 | |a Ciudad de México |b Siglo Veintiuno |c 1977 | ||
| 650 | 0 | |a Lingüística |9 265068 | |
| 650 | 7 | |a TEORIA LINGUISTICA |2 CL-VaPUC |9 334835 | |
| 650 | 0 | |a Semiología |9 317916 | |
| 650 | 0 | |a Crítica e interpretación |9 255042 | |
| 583 | |a last modification |c 19980724 00:00:00 |k Rodrigo Vera | ||
| 490 | 0 | |a Lingüística | |
| 999 | |c 273203 |d 273201 | ||
| 952 | |0 0 |1 0 |4 0 |6 410_000000000000000_NET_1977 |7 0 |8 A |9 308580 |a BIBEDU |b BIBEDU |d 2019-11-20 |i 1439855 |o 410 NET 1977 |p 1439855 |r 2019-11-20 |w 2019-11-20 |y BK |k LIT | ||